000 01066nam a2200241Ia 4500
999 _c53486
_d53486
001 20532
003 GE_BSU
005 20210108221357.0
008 181216s1971||||ge |||||||||||||| || ||
040 _cGE_BSU
041 _ageo
080 _a811.353.1-84(075.3=161.1) ჯ-14
100 _aჯავახია, დავითი
_910012
245 _aქართული ენა :
_bსახელმძღვ.რუსული სკოლის VI-VII კლასებისათვის /
_cდავითი ჯავახია ; რედ. მ. ღვინიაშვილი.
250 _aმე-14 გამოცემა
264 _aთბილისი :
_bგანათლება,
_c1971.
300 _a175 გვ. :
_b ილ. ;
_c21 სმ.
541 _h24 თ.
653 _aრუსული სკოლის VI-VII კლასებისათვის
653 _aქართული ენა
700 _aღვინიაშვილი, მ.
_eრედაქტორი
_99541
942 _cBK
_2udc